L'Eredità - Ghigliottina #5 - Statistics

Statistiche generali
  • Questo quiz è stato fatto 71 volte
  • Il punteggio medio è 3 su 5
Statistiche sulle risposte
Risposta % Corretto
La risposta è Latte Ginocchia: dall’espressione “fare venire il latte alle ginocchia”. Riso: il latte di riso è una bevanda a base di riso. Dolce: il dolce latte è un dolce. Capra: il latte di capra è un tipo di latte. Polvere: il latte in polvere è un derivato del latte.
80%
La risposta è Monte Isola: Monte Isola è un comune insulare lombardo. Aspro: l’Aspromonte è un massiccio montuoso calabrese. Calvario: il monte Calvario è il luogo dove, secondo la tradizione, fu crocifisso Gesù. Negro: il Montenegro è uno stato balcanico. Premi: il montepremi è la somma complessiva vinta in un concorso o in una lotteria.
73%
La risposta è Arco Spingente: l’arco è una struttura spingente. Sesto: in architettura, curvatura o sagomatura di un arco. Violino: l’arco è un componente necessario per suonarlo. Tiro: il tiro con l’arco è uno sport. Tangente: in matematica l’arcotangente è la funzione inversa della tangente.
67%
La risposta è Vecchia Gallina: dal detto “gallina vecchia fa buon brodo”. Ottantanove: nella smorfia napoletana è “la vecchia”. Guardia: dall’espressione “essere della vecchia guardia”. Volpe: una “vecchia volpe” è una persona astuta ed esperta. Signora: “Vecchia signora” è il soprannome della Juventus.
50%
La risposta è Varo Fiume: il Varo è un fiume francese. Carro: il carrovaro è uno strumento per la costruzione di ponti. Nave: il varo di una nave. Storto: in ambito anatomico è sinonimo di varo. Approvazione: varare una legge vuol dire approvarla.
2%
Nessun quiz corrispondente trovato
Distribuzione punteggi
Percentuale di utenti per punteggio
Percentile per numero di risposta
I tuoi punteggi nel tempo
Non hai fatto questo quiz